000 00542nam a2200181 a 4500
005 20140310183334.0
008 060908s19uu xx 00 eng d
020 _a0137765843
050 _aGV 706.4
_b.An57 1997
100 _aAnshel, Mark H.
245 _aSport psychology from theory to practice /
_cMark H. Anshel.
260 _aScottsdale, Arizona :
_bGorsuch Scarisbrick, Publishers,
_c1997.
300 _a432 p. :
_c25 cm.
521 _aPSYCH
650 _aSports
_xPsychological aspects.
942 _cBK
_2lcc
_kFOR
999 _c21654
_d21654